Sự tương hợp của giá trị hàm mục tiêu và nghiệm trong các bài roán tối ưu ngẫu nhiên : Luận văn Thạc sĩ Toán học chuyên ngành: Giải tích

Nội dung tổng quan một số kết quả mới nhất về sự tương hợp của giá trị hàm mục tiêu và nghiệm trong các bài toán tối ưu ngẫu nhiên bằng kỹ thuật hội tụ epigraph được xét trong các không gian hữu hạn chiều cũng như vô chiều....

Full beskrivning

Sparad:
Bibliografiska uppgifter
Huvudupphovsman: Nguyễn, Cao Phong
Materialtyp: Bok
Språk:Undetermined
Publicerad: Cần Thơ Trường Đại học Cần Thơ 2011
Ämnen:
Taggar: Lägg till en tagg
Inga taggar, Lägg till första taggen!
Thư viện lưu trữ: Trung tâm Học liệu Trường Đại học Cần Thơ
LEADER 01202nam a2200217Ia 4500
001 CTU_167457
008 210402s9999 xx 000 0 und d
082 |a 515.7 
082 |b Ph431 
088 |a 604601 
100 |a Nguyễn, Cao Phong 
245 0 |a Sự tương hợp của giá trị hàm mục tiêu và nghiệm trong các bài roán tối ưu ngẫu nhiên : 
245 0 |b Luận văn Thạc sĩ Toán học chuyên ngành: Giải tích 
245 0 |c Nguyễn Cao Phong ; Trần Thị Huệ Nương ( hướng dẫn khoa học ) 
260 |a Cần Thơ 
260 |b Trường Đại học Cần Thơ 
260 |c 2011 
520 |a Nội dung tổng quan một số kết quả mới nhất về sự tương hợp của giá trị hàm mục tiêu và nghiệm trong các bài toán tối ưu ngẫu nhiên bằng kỹ thuật hội tụ epigraph được xét trong các không gian hữu hạn chiều cũng như vô chiều. 
650 |a Functions of real variables,Hàm số thực 
904 |i Qhieu 
980 |a Trung tâm Học liệu Trường Đại học Cần Thơ